Australia by Letter - L - Statistics

General Stats
  • This quiz has been taken 14 times
  • The average score is 6 of 10
Answer Stats
Hint Answer % Correct
The word that comes before these Australian places: ____ Eyre, ____ Macquarie, ____ Burley-Griffin, ____s Entrance Lake
92%
What Australian call candy or sweets Lollies
85%
Sponge cake rolled in melted chocolate and dipped in coconut Lamington
77%
Tasmania's 2nd-largest city Launceston
77%
Rainbow ________, a vibrantly coloured parrot Lorikeet
69%
Amusement parks in Melbourne and Sydney known for their toothy-mouthed entrances Luna Park
62%
Bird with a long feathered tail, seen on the Australian 10 cent coin Lyrebird
54%
Charles __ _____, Victoria's first lieutenant-governor and namesake of a Melbourne university La Trobe
46%
Henry ______, poet and author born in 1867 and namesake of a Canberra suburb Lawson
46%
Suburban city situated between Brisbane and the Gold Coast Logan
38%
No matching quizzes found
Score Distribution
Percent of People with Each Score
Percentile by Number Answered
Your Score History
You have not taken this quiz